[Event "M.Botvinnik Memorial 2012"]
[Site "St. Petersburg, Russia"]
[Date "2012.09.02"]
[Round "9.66"]
[White "Pen, Pyotr"]
[Black "Shushpanov, Vladimir"]
[Result "1/2-1/2"]
[WhiteElo "2138"]
[BlackElo "2318"]
[PlyCount "52"]
[EventDate "2012.08.25"]

1. e4 c5 2. Nf3 a6 3. c3 g6 4. d4 cxd4 5. cxd4 d5 6. e5 Bg4 7. Nc3 Nc6 8. Qb3
Bxf3 9. gxf3 Nxd4 10. Qxb7 Rb8 11. Qxa6 Nc2+ 12. Kd1 Nxa1 13. Bb5+ Rxb5 14.
Qxb5+ Qd7 15. Qxd7+ Kxd7 16. Nxd5 e6 17. Nc3 Ne7 18. Bf4 Nc6 19. Kd2 Nb3+ 20.
axb3 Bg7 21. Re1 Rb8 22. Ne4 Nd4 23. Re3 Kc6 24. b4 Rxb4 25. Nd6 Kd7 26. Bg3
Nf5 1/2-1/2

[Event "M.Botvinnik Memorial 2012"]
[Site "St. Petersburg, Russia"]
[Date "2012.09.02"]
[Round "9.67"]
[White "Korchagina, Viktoria"]
[Black "Myshkin, Nikita"]
[Result "0-1"]
[WhiteElo "2071"]
[BlackElo "2299"]
[PlyCount "90"]
[EventDate "2012.08.25"]

1. e4 e5 2. Nf3 Nc6 3. Bb5 Nf6 4. Qe2 d6 5. c3 Be7 6. d4 Bd7 7. O-O a6 8. Ba4
b5 9. Bc2 O-O 10. Nbd2 Re8 11. Re1 Bf8 12. d5 Ne7 13. Nf1 c6 14. dxc6 Bxc6 15.
Ng3 h6 16. h3 Qc7 17. Be3 Qb7 18. Nd2 d5 19. f3 a5 20. Bf2 b4 21. exd5 Nexd5
22. c4 Nf4 23. Qe3 Nd7 24. Nde4 g6 25. Rad1 Re6 26. b3 f5 27. Rxd7 Qxd7 28. Nc5
Bxc5 29. Qxc5 Qe7 30. Qe3 Nxh3+ 31. gxh3 f4 32. Qe2 fxg3 33. Bxg3 Rf8 34. Rf1
e4 35. f4 e3 36. Rd1 h5 37. h4 Be4 38. Bxe4 Rxe4 39. Rd5 Rf5 40. Rd3 Rf8 41.
Rd5 Rd8 42. Rxa5 Rd2 43. Qf3 e2 44. Be1 Rd1 45. Qf2 Rxe1+ 0-1

[Event "M.Botvinnik Memorial 2012"]
[Site "St. Petersburg, Russia"]
[Date "2012.09.02"]
[Round "9.68"]
[White "Chetverik, Maxim"]
[Black "Andronov, Mikhail G"]
[Result "0-1"]
[WhiteElo "2272"]
[BlackElo "2139"]
[PlyCount "136"]
[EventDate "2012.08.25"]

1. d4 Nf6 2. c4 c5 3. d5 b5 4. cxb5 a6 5. b6 Qxb6 6. Nc3 d6 7. e4 g6 8. Nf3 Bg4
9. Qa4+ Bd7 10. Qb3 Qxb3 11. axb3 Bg7 12. h3 O-O 13. Be3 Bc8 14. Ra5 Nbd7 15.
Nd2 Ne8 16. g4 Nc7 17. Be2 Nb6 18. f3 Bd7 19. Kf2 Bb5 20. Rha1 Bxe2 21. Kxe2
Rab8 22. Kd3 Rfe8 23. Kc2 Nd7 24. Bf4 Rb7 25. R5a3 Reb8 26. Nc4 Nb5 27. Nxb5
Rxb5 28. Nd2 Ne5 29. Bxe5 Bxe5 30. R1a2 Kg7 31. Rxa6 Bf4 32. Nc4 Rxb3 33. R2a3
R3b4 34. b3 Kf6 35. Ra7 R8b7 36. Rxb7 Rxb7 37. Na5 Ra7 38. Ra4 Kg5 39. Nc6 Rc7
40. Ra8 e6 41. dxe6 fxe6 42. Nd8 Kf6 43. Kd3 Bg5 44. Rb8 Ke5 45. Nb7 d5 46.
exd5 exd5 47. Re8+ Kf4 48. Nd8 c4+ 49. bxc4 dxc4+ 50. Kc2 Bxd8 51. Rxd8 Kxf3
52. Re8 Rf7 53. Rc8 Kg3 54. Rxc4 Kxh3 55. Kd2 Re7 56. g5 Kg3 57. Rd4 Re5 58.
Rd7 Rxg5 59. Rxh7 Re5 60. Rh1 g5 61. Rh8 g4 62. Rf8 Kg2 63. Rf7 g3 64. Rg7 Kf2
65. Rf7+ Kg1 66. Rg7 g2 67. Rf7 Rh5 68. Ke2 Kh1 0-1

[Event "M.Botvinnik Memorial 2012"]
[Site "St. Petersburg, Russia"]
[Date "2012.09.02"]
[Round "9.70"]
[White "Toivonen, Alexander V"]
[Black "Poltoratsky, Daniil"]
[Result "1-0"]
[WhiteElo "2250"]
[BlackElo "2109"]
[PlyCount "27"]
[EventDate "2012.08.25"]

1. d4 e5 2. dxe5 Nc6 3. Nf3 Qe7 4. Nc3 Nxe5 5. e4 Nf6 6. Bg5 c6 7. Be2 d6 8.
O-O h6 9. Bh4 g5 10. Bg3 Bd7 11. Qd4 c5 12. Qe3 Nfg4 13. Qd2 O-O-O 14. Nd5 1-0

[Event "M.Botvinnik Memorial 2012"]
[Site "St. Petersburg, Russia"]
[Date "2012.09.02"]
[Round "9.73"]
[White "Trapeznikova, Darya"]
[Black "Lupik, Marina"]
[Result "0-1"]
[WhiteElo "2050"]
[BlackElo "2197"]
[PlyCount "94"]
[EventDate "2012.08.25"]

1. d4 d5 2. c4 e6 3. Nc3 c6 4. e3 f5 5. g4 fxg4 6. Qxg4 Nf6 7. Qd1 Nbd7 8. Nf3
Bd6 9. Bd3 Qe7 10. Qc2 e5 11. cxd5 cxd5 12. dxe5 Nxe5 13. Be2 Bh3 14. Nd4 g6
15. Qb3 Rd8 16. Bd2 Bc5 17. O-O-O O-O 18. f4 Neg4 19. Bf1 Bxf1 20. Rhxf1 Nxe3
21. Rde1 Bxd4 22. Rf3 Qc5 23. Bxe3 Bxe3+ 24. Rfxe3 Qc4 25. Qxc4 dxc4 26. Re7
Rf7 27. Kc2 a6 28. a4 Rd4 29. Rxf7 Kxf7 30. Ne2 Re4 31. Kd2 Nd5 32. Rf1 Kf6 33.
Rf2 h5 34. h4 Re3 35. Ng1 Kf5 36. Rg2 Rd3+ 37. Kc1 Nxf4 38. Rc2 Rg3 39. Ne2
Nxe2+ 40. Rxe2 Rb3 41. Re7 b5 42. axb5 axb5 43. Kc2 Rh3 44. Rb7 Rxh4 45. Rxb5+
Kf6 46. Kc3 Rf4 47. Rb8 h4 0-1

[Event "M.Botvinnik Memorial 2012"]
[Site "St. Petersburg, Russia"]
[Date "2012.09.02"]
[Round "9.74"]
[White "Suslova, Alena"]
[Black "Bykova, Anastasia"]
[Result "1-0"]
[WhiteElo "2196"]
[BlackElo "2013"]
[PlyCount "67"]
[EventDate "2012.08.25"]

1. c4 c6 2. e4 d5 3. exd5 cxd5 4. cxd5 Nf6 5. Qa4+ Nbd7 6. Nc3 g6 7. Bc4 Bg7 8.
d3 O-O 9. Nf3 a6 10. Qa3 b6 11. O-O Bb7 12. Re1 Re8 13. Ng5 Rc8 14. Be3 h6 15.
Nf3 b5 16. Bb3 Bf8 17. Qb4 e6 18. Qf4 Nxd5 19. Nxd5 Bxd5 20. Bxd5 exd5 21. Bd4
Bg7 22. Rxe8+ Qxe8 23. Re1 Qd8 24. h3 Nb6 25. Ne5 Bf6 26. Qxh6 Nd7 27. Qf4 Nxe5
28. Bxe5 Bxe5 29. Rxe5 Qd7 30. Qd4 Rd8 31. h4 Qd6 32. h5 f6 33. Re3 gxh5 34.
Qh4 1-0

[Event "M.Botvinnik Memorial 2012"]
[Site "St. Petersburg, Russia"]
[Date "2012.09.02"]
[Round "9.75"]
[White "Klukin, Kirill"]
[Black "Dotsenko, Sergey"]
[Result "1/2-1/2"]
[WhiteElo "2025"]
[BlackElo "2188"]
[PlyCount "97"]
[EventDate "2012.08.25"]

1. d4 d5 2. c4 dxc4 3. Nf3 c5 4. e3 cxd4 5. Bxc4 Nc6 6. exd4 Nf6 7. h3 e6 8.
O-O Be7 9. Nc3 O-O 10. Be3 Nb4 11. Qe2 a6 12. Bg5 b5 13. Bb3 Bb7 14. Rad1 Nbd5
15. Bxf6 Bxf6 16. Ne4 Nf4 17. Qe3 Nd5 18. Qe2 Nf4 19. Qe3 Bxe4 20. Qxe4 Nd5 21.
Ne5 Rc8 22. Rfe1 Qd6 23. Ng4 Rfd8 24. Qf3 a5 25. Bxd5 exd5 26. Nxf6+ Qxf6 27.
Qxf6 gxf6 28. Rc1 Rc4 29. Rxc4 dxc4 30. Re4 Kf8 31. Rf4 Ke7 32. Rf5 Rb8 33. Rc5
Kd6 34. g3 Rb7 35. Kg2 a4 36. g4 Rb6 37. a3 Rc6 38. Rxb5 c3 39. bxc3 Rxc3 40.
Rb4 Rxa3 41. f3 Kd5 42. Kg3 Ra1 43. Kf4 a3 44. Ra4 a2 45. h4 Kc6 46. h5 Kb5 47.
Ra8 Kc4 48. d5 Kxd5 49. Rd8+ 1/2-1/2

[Event "M.Botvinnik Memorial 2012"]
[Site "St. Petersburg, Russia"]
[Date "2012.09.02"]
[Round "9.76"]
[White "Voronenkov, Sergey"]
[Black "Nikitinyh, Boris"]
[Result "0-1"]
[WhiteElo "2012"]
[BlackElo "2185"]
[PlyCount "90"]
[EventDate "2012.08.25"]

1. e4 c6 2. d4 d5 3. Nc3 dxe4 4. Nxe4 Bf5 5. Ng3 Bg6 6. h4 h6 7. Nf3 Nd7 8. h5
Bh7 9. Bd3 Bxd3 10. Qxd3 Qb6 11. Bf4 Ngf6 12. O-O-O e6 13. Ne5 Nd5 14. Nxd7
Nxf4 15. Qf3 Qc7 16. Ne5 Nd5 17. Rhe1 Bd6 18. Nf5 Bxe5 19. Rxe5 O-O-O 20. c4
Nb6 21. c5 Nc4 22. Qe2 Nxe5 23. Nd6+ Kb8 24. dxe5 Rd7 25. Kb1 Ka8 26. Rd3 b6
27. Qe4 bxc5 28. Rc3 Rhd8 29. Rxc5 Rxd6 30. exd6 Rxd6 31. a3 Rd5 32. Qc2 Kb7
33. Qc3 f6 34. Rxd5 cxd5 35. Qb4+ Kc6 36. Qf8 e5 37. a4 d4 38. b4 Kd5 39. Qg8+
Ke4 40. Qb3 Qc3 41. Qc2+ Qxc2+ 42. Kxc2 Kd5 43. Kb3 f5 44. a5 a6 45. g3 e4 0-1

[Event "M.Botvinnik Memorial 2012"]
[Site "St. Petersburg, Russia"]
[Date "2012.09.02"]
[Round "9.77"]
[White "Kharchenko, Daniil"]
[Black "Balaian, Alina"]
[Result "1-0"]
[WhiteElo "2006"]
[BlackElo "2179"]
[PlyCount "123"]
[EventDate "2012.08.25"]

1. e4 e6 2. d4 d5 3. e5 c5 4. c3 Qb6 5. Nf3 Nc6 6. a3 Nh6 7. b4 cxd4 8. Bxh6
gxh6 9. cxd4 Bd7 10. Ra2 Rc8 11. Rc2 a6 12. Be2 Bg7 13. Qd2 O-O 14. Nc3 Ne7 15.
O-O Kh8 16. Bd3 f6 17. exf6 Rxf6 18. Ne5 Be8 19. Ne2 Rf8 20. Rxc8 Nxc8 21. Qc2
Bb5 22. Bxb5 Qxb5 23. Nf4 Qe8 24. g3 Nd6 25. Qe2 Rf5 26. Nfd3 Qb5 27. Qc2 Qb6
28. Nc5 Nb5 29. Qd2 Nxd4 30. Qxd4 Rxe5 31. Qg4 Qc6 32. Rc1 h5 33. Qh4 Rf5 34.
Qe7 h6 35. Qxe6 Qxe6 36. Nxe6 Rf7 37. Rc8+ Kh7 38. Nxg7 Kxg7 39. Rd8 b5 40.
Rxd5 Rf3 41. Rd7+ Kg8 42. Rd6 Rxa3 43. Rxh6 Ra4 44. Kg2 Kg7 45. Rd6 Rxb4 46.
Rxa6 h4 47. Rb6 hxg3 48. hxg3 Rb2 49. g4 b4 50. Kg3 b3 51. g5 Rb1 52. Kf4 b2
53. Kf5 Kf7 54. Rb7+ Ke8 55. f4 Kd8 56. g6 Kc8 57. Rb3 Kd7 58. g7 Rg1 59. Kf6
Rg4 60. Rxb2 Rxf4+ 61. Kg5 Rf1 62. Rg2 1-0

[Event "M.Botvinnik Memorial 2012"]
[Site "St. Petersburg, Russia"]
[Date "2012.09.02"]
[Round "9.78"]
[White "Ljubarov, Mark"]
[Black "Shirokov, Alexander"]
[Result "0-1"]
[WhiteElo "2158"]
[BlackElo "1972"]
[PlyCount "110"]
[EventDate "2012.08.25"]

1. e4 c6 2. c4 g6 3. Nc3 Bg7 4. d4 d6 5. Be3 Nf6 6. f3 Nbd7 7. Qd2 Qa5 8. Bd3
Rb8 9. Rb1 O-O 10. Nge2 e5 11. b4 Qc7 12. d5 a6 13. O-O c5 14. b5 Nb6 15. bxa6
bxa6 16. a4 Bd7 17. a5 Na4 18. Nxa4 Bxa4 19. Qa2 Bd7 20. Bd2 Nh5 21. g4 Nf6 22.
Nc3 h5 23. h3 Nh7 24. Rb6 Rxb6 25. axb6 Qxb6 26. Rb1 Qd8 27. Qxa6 Bc8 28. Qa3
Qh4 29. Bf1 f5 30. gxf5 gxf5 31. Be1 Qg5+ 32. Bg2 Qg6 33. Kh1 fxe4 34. Nxe4 Ng5
35. Rb6 Bxh3 36. Rxd6 Bxg2+ 37. Kxg2 Qf5 38. Nxg5 Qxg5+ 39. Kh2 e4 40. Qa6 Rxf3
41. Rg6 Qe5+ 42. Kg2 Qb2+ 43. Kg1 Kh7 44. Rg2 Bd4+ 45. Kh2 Be5+ 46. Kg1 Qd4+
47. Rf2 Rg3+ 48. Kh1 Rh3+ 49. Kg2 Rg3+ 50. Kh1 Qd1 51. Rf7+ Bg7 52. Qa5 Rh3+
53. Kg2 Qg4+ 54. Kf1 Rh1+ 55. Kf2 Rh2+ 0-1

[Event "M.Botvinnik Memorial 2012"]
[Site "St. Petersburg, Russia"]
[Date "2012.09.02"]
[Round "9.79"]
[White "Sazonova, Anastasia"]
[Black "Pischikov, Vadim"]
[Result "1-0"]
[WhiteElo "2002"]
[BlackElo "2158"]
[PlyCount "57"]
[EventDate "2012.08.25"]

1. e4 e5 2. Nf3 Nc6 3. Nc3 Nf6 4. d4 exd4 5. Nxd4 d6 6. Nxc6 bxc6 7. Bd3 Be7 8.
O-O O-O 9. h3 Re8 10. Qf3 Nd7 11. Bf4 Bf6 12. Rab1 Ne5 13. Qg3 Bh4 14. Qe3 Nxd3
15. Qxd3 a5 16. Rfe1 Ba6 17. Qf3 Bg5 18. Bxg5 Qxg5 19. Ne2 Qd2 20. c3 Rab8 21.
b3 c5 22. c4 Bb7 23. Nc3 f5 24. Re3 Re5 25. Rd1 fxe4 26. Qg3 Qb2 27. Re2 Qa3
28. Nb5 Qb4 29. a3 1-0

[Event "M.Botvinnik Memorial 2012"]
[Site "St. Petersburg, Russia"]
[Date "2012.09.02"]
[Round "9.80"]
[White "Kazantsev, Alexandr"]
[Black "Kukhmazov, Arsen"]
[Result "1-0"]
[WhiteElo "1960"]
[BlackElo "2154"]
[PlyCount "249"]
[EventDate "2012.08.25"]

1. d4 c6 2. Nf3 d5 3. c4 Nf6 4. e3 Bf5 5. Nc3 e6 6. Qb3 Qc7 7. Nh4 Be4 8. f3
Bg6 9. Bd2 Be7 10. Nxg6 hxg6 11. O-O-O dxc4 12. Bxc4 b5 13. Bd3 a6 14. Kb1 c5
15. dxc5 Bxc5 16. Ne4 Nxe4 17. Bxe4 Ra7 18. Bxg6 fxg6 19. Qxe6+ Kf8 20. b4 Qd6
21. Qc8+ Kf7 22. Qxc5 Qxc5 23. bxc5 Nd7 24. Ba5 Rc8 25. Rd5 Nf6 26. Rd3 Rd7 27.
Rxd7+ Nxd7 28. Bb6 Rc6 29. Rd1 Nxc5 30. Bxc5 Rxc5 31. Rd7+ Kg8 32. Rd6 Rg5 33.
g4 a5 34. Kb2 Kf7 35. Rd7+ Kf8 36. h4 Rc5 37. Rd3 g5 38. h5 Kf7 39. Rd7+ Kf6
40. Rd6+ Kf7 41. Kb3 b4 42. Rd3 Ke6 43. a3 bxa3 44. Kxa3 Rc1 45. Ka4 Rf1 46. e4
g6 47. hxg6 Ra1+ 48. Kb5 Kf6 49. Kc4 Kxg6 50. Kd5 Kf7 51. Kd6 a4 52. Ke5 a3 53.
Rd7+ Kg6 54. Rd6+ Kf7 55. Ra6 a2 56. Kf5 Rf1 57. Ra7+ Ke8 58. Rxa2 Rxf3+ 59.
Kxg5 Ke7 60. Ra6 Rf8 61. Ra5 Ke6 62. Rf5 Rg8+ 63. Kf4 Rh8 64. e5 Rh6 65. Rg5
Rh1 66. Rg6+ Ke7 67. Ra6 Rf1+ 68. Kg5 Re1 69. Kf5 Rf1+ 70. Kg6 Re1 71. Ra5 Ke6
72. g5 Rg1 73. Rb5 Rg2 74. Rb1 Re2 75. Rb8 Ke7 76. Kf5 Rf2+ 77. Ke4 Re2+ 78.
Kf5 Rf2+ 79. Kg6 Re2 80. Kh6 Rh2+ 81. Kg7 Rh5 82. Rb7+ Ke6 83. g6 Rxe5 84. Kf8
Rf5+ 85. Ke8 Kf6 86. g7 Rc5 87. Rf7+ Ke6 88. Re7+ Kf6 89. Rf7+ Ke6 90. Rc7 Rxc7
91. g8=Q+ Kd6 92. Qg3+ Kc6 93. Qb3 Rb7 94. Qe6+ Kc5 95. Kd8 Rb5 96. Kc7 Kd4 97.
Kc6 Rc5+ 98. Kb6 Rd5 99. Qe2 Rd6+ 100. Kb5 Rd5+ 101. Kb4 Re5 102. Qd2+ Ke4 103.
Kc4 Kf5 104. Kd4 Re4+ 105. Kd3 Re5 106. Qa2 Re6 107. Qd5+ Kf6 108. Kd4 Ke7 109.
Qc5+ Kf6 110. Qf8+ Kg5 111. Qf1 Rf6 112. Qg2+ Kf5 113. Kd5 Kf4 114. Qe4+ Kg3
115. Qe5+ Rf4 116. Qe3+ Rf3 117. Qg5+ Kf2 118. Ke4 Rf7 119. Qh4+ Kg2 120. Ke3
Ra7 121. Qg4+ Kf1 122. Qc4+ Kg1 123. Qg8+ Kf1 124. Qf8+ Kg1 125. Kf3 1-0

[Event "M.Botvinnik Memorial 2012"]
[Site "St. Petersburg, Russia"]
[Date "2012.09.02"]
[Round "9.82"]
[White "Schroer, Marcel"]
[Black "Shakirova, Renata"]
[Result "1-0"]
[WhiteElo "2143"]
[BlackElo "1722"]
[PlyCount "91"]
[EventDate "2012.08.25"]

1. Nf3 Nf6 2. c4 g6 3. g3 Bg7 4. Bg2 O-O 5. d4 d6 6. O-O c6 7. Nc3 Qa5 8. e4
Qh5 9. Ng5 h6 10. Qxh5 Nxh5 11. Nf3 Nd7 12. Be3 Nb6 13. b3 Be6 14. Rac1 Nf6 15.
d5 cxd5 16. exd5 Bf5 17. Nd4 Bd7 18. h3 Ne8 19. a4 Nc7 20. a5 Nc8 21. Ncb5 Na6
22. Rb1 Rb8 23. b4 e5 24. dxe6 fxe6 25. Rfd1 Kh7 26. Rdc1 e5 27. Ne2 b6 28.
axb6 axb6 29. Nec3 Rf7 30. Nd5 Bc6 31. Ra1 Bb7 32. Ra4 h5 33. Rca1 e4 34. Rxa6
Bxa1 35. Rxa1 Ne7 36. Nxe7 Rxe7 37. Nxd6 Bc6 38. Ra6 Re6 39. Nf7 Kg7 40. Ng5
Rd6 41. Nxe4 Rd1+ 42. Kh2 Rb1 43. Ra7+ Kf8 44. Bh6+ Ke8 45. Nd6+ Kd8 46. Bg5#
1-0

[Event "M.Botvinnik Memorial 2012"]
[Site "St. Petersburg, Russia"]
[Date "2012.09.02"]
[Round "9.83"]
[White "Boytsov, Alexander"]
[Black "Safronov, Kirill"]
[Result "0-1"]
[WhiteElo "1920"]
[BlackElo "2034"]
[PlyCount "74"]
[EventDate "2012.08.25"]

1. e4 e5 2. Nf3 d6 3. Nc3 Nf6 4. Bc4 Be7 5. O-O O-O 6. d4 exd4 7. Qxd4 Nc6 8.
Qd1 Bg4 9. Be2 Re8 10. h3 Bh5 11. Re1 Bf8 12. Bg5 h6 13. Bxf6 Qxf6 14. Nd5 Qd8
15. Nh2 Bxe2 16. Qxe2 Ne5 17. Rad1 c6 18. Ne3 Ng6 19. Nf5 Qc7 20. Qf1 Rad8 21.
c4 Qc8 22. Ng3 Nf4 23. Rd2 d5 24. a3 dxe4 25. Rxd8 Qxd8 26. Nxe4 Re6 27. Rd1
Qe8 28. Nc3 Rg6 29. g3 Bc5 30. Kh1 Nh5 31. Re1 Re6 32. Nf3 Rxe1 33. Nxe1 Qd7
34. Nd3 Bxf2 35. Kg2 Bxg3 36. Ne4 Bb8 37. Qf3 Qxd3 0-1

[Event "M.Botvinnik Memorial 2012"]
[Site "St. Petersburg, Russia"]
[Date "2012.09.02"]
[Round "9.84"]
[White "Ustinov, Alexey"]
[Black "Popov, Alexei"]
[Result "0-1"]
[WhiteElo "2155"]
[BlackElo "1797"]
[PlyCount "48"]
[EventDate "2012.08.25"]

1. d4 Nf6 2. Bg5 c5 3. Nc3 cxd4 4. Qxd4 Nc6 5. Qh4 a6 6. Nf3 b5 7. e4 Qa5 8.
O-O-O b4 9. Nd5 Nxd5 10. exd5 b3 11. axb3 Nb4 12. Qd4 Bb7 13. Bc4 Rc8 14. Rhe1
Bxd5 15. Bxe7 Bxe7 16. Qxg7 Rf8 17. Re5 Kd8 18. Rexd5 Nxd5 19. Rxd5 Rc5 20. Rd3
Re8 21. Re3 Bg5 22. Nxg5 Rxe3 23. Nxf7+ Kc7 24. b4 Qa1+ 0-1

[Event "M.Botvinnik Memorial 2012"]
[Site "St. Petersburg, Russia"]
[Date "2012.09.02"]
[Round "9.85"]
[White "Zarivkina, Victorya"]
[Black "Rybakova, Polina"]
[Result "0-1"]
[WhiteElo "2072"]
[BlackElo "1781"]
[PlyCount "108"]
[EventDate "2012.08.25"]

1. e4 c5 2. Nc3 d6 3. g3 Nf6 4. Bg2 e6 5. Nge2 Be7 6. d4 cxd4 7. Nxd4 Bd7 8.
O-O a6 9. Be3 O-O 10. h3 Qc8 11. Kh2 Nc6 12. f4 e5 13. Nxc6 Bxc6 14. f5 b5 15.
a3 Qb7 16. Qf3 a5 17. g4 b4 18. axb4 axb4 19. Nd5 Nxd5 20. exd5 Bb5 21. Rg1
Rfc8 22. Rxa8 Qxa8 23. Qe4 Qa5 24. f6 Bxf6 25. Qf5 Qd8 26. Bb6 Qd7 27. Qf2 Bg5
28. Be4 Bf4+ 29. Kh1 Qb7 30. Ra1 Ra8 31. Rxa8+ Qxa8 32. Bc7 Bc4 33. Bxd6 Bxd5
34. Bg2 Bxg2+ 35. Qxg2 Qa1+ 36. Qg1 Qa8+ 37. Qg2 Qa1+ 38. Qg1 Qxb2 39. Qc5 Qc3
40. Qxc3 bxc3 41. Kg2 f6 42. Bb4 Bd2 43. Kf3 Kf7 44. Ke4 Ke6 45. Kd3 Kd5 46.
Bxc3 Bxc3 47. Kxc3 g6 48. Kd3 f5 49. Ke3 Kc4 50. Kf3 Kc3 51. h4 Kxc2 52. h5
fxg4+ 53. Kxg4 gxh5+ 54. Kf5 h4 0-1

[Event "M.Botvinnik Memorial 2012"]
[Site "St. Petersburg, Russia"]
[Date "2012.09.02"]
[Round "9.86"]
[White "Klevets, Ksenia"]
[Black "Panov, Ivan"]
[Result "1-0"]
[WhiteElo "1831"]
[BlackElo "2033"]
[PlyCount "61"]
[EventDate "2012.08.25"]

1. e4 c5 2. Nf3 e6 3. c4 a6 4. Nc3 d6 5. d4 cxd4 6. Nxd4 Nf6 7. Be3 Be7 8. f3
O-O 9. Qd2 Qc7 10. Be2 b6 11. O-O Bb7 12. Rac1 Nbd7 13. Rfd1 Rac8 14. b3 Qb8
15. Bf1 Bd8 16. Qf2 Bc7 17. Qh4 Rfe8 18. Nc2 Qa8 19. Rd2 b5 20. cxb5 Ba5 21. b4
Rxc3 22. bxa5 Rec8 23. Bd4 R3c7 24. b6 Rc6 25. Qf2 Nc5 26. Bxf6 gxf6 27. Rcd1
Qb8 28. Nb4 e5 29. Qh4 Kg7 30. Nd5 Nd7 31. Qg4+ 1-0

[Event "M.Botvinnik Memorial 2012"]
[Site "St. Petersburg, Russia"]
[Date "2012.09.02"]
[Round "9.87"]
[White "Mikhailov, Ivan"]
[Black "Shemenko, Georgy"]
[Result "1-0"]
[WhiteElo "2026"]
[BlackElo "1746"]
[PlyCount "65"]
[EventDate "2012.08.25"]

1. d4 Nf6 2. c4 g6 3. Nc3 d5 4. cxd5 Nxd5 5. e4 Nxc3 6. bxc3 Bg7 7. Be3 c5 8.
Qd2 Nc6 9. d5 Qa5 10. Rc1 Ne5 11. Bh6 O-O 12. Bxg7 Kxg7 13. f4 Ng4 14. Nf3 Rd8
15. h3 Nf6 16. Bd3 c4 17. Bb1 b6 18. O-O e6 19. Nd4 Qc5 20. dxe6 Bxe6 21. Kh1
Bc8 22. e5 Nh5 23. Qe3 Qd5 24. Rf3 Bb7 25. f5 Re8 26. Re1 Rac8 27. fxg6 hxg6
28. Nf5+ Kh8 29. Nd6 Re7 30. Nxc8 Bxc8 31. Qh6+ Kg8 32. Bxg6 fxg6 33. Rf8# 1-0

[Event "M.Botvinnik Memorial 2012"]
[Site "St. Petersburg, Russia"]
[Date "2012.09.02"]
[Round "9.88"]
[White "Opanasenko, Mikhail"]
[Black "Klimshin, Ilia"]
[Result "0-1"]
[WhiteElo "2016"]
[BlackElo "1678"]
[PlyCount "98"]
[EventDate "2012.08.25"]

1. e4 d5 2. exd5 Qxd5 3. Nc3 Qd6 4. d4 Nf6 5. Nf3 a6 6. g3 Bg4 7. Bg2 Nc6 8.
O-O O-O-O 9. h3 Bf5 10. d5 Nb4 11. Bf4 Qc5 12. Nd4 Bg6 13. Na4 Qa7 14. Be3 Qb8
15. c4 e5 16. Nb3 Nc2 17. Rc1 Nxe3 18. fxe3 Qa7 19. Re1 e4 20. Qe2 Bd6 21. g4
Bg3 22. Red1 Bh4 23. Nc3 h5 24. c5 hxg4 25. hxg4 Bg3 26. c6 b6 27. a4 Rh4 28.
Nd2 Re8 29. Nf1 Bd6 30. Na2 Rxg4 31. Rd2 Rh4 32. b4 Kd8 33. b5 a5 34. Qf2 Reh8
35. Nc3 Ng4 36. Qe1 Ne5 37. Rf2 Nd3 38. Qd2 Nxc1 39. Qxc1 Qb8 40. Nd2 Bh2+ 41.
Kf1 Bg3 42. Qa3 Bxf2 43. Kxf2 Qc8 44. Ndxe4 Bxe4 45. Nxe4 Qf5+ 46. Ke2 Rxe4 47.
d6 Qg4+ 48. Kd3 Qxg2 49. dxc7+ Kxc7 0-1

[Event "M.Botvinnik Memorial 2012"]
[Site "St. Petersburg, Russia"]
[Date "2012.09.02"]
[Round "9.89"]
[White "Glazov, Anatoly"]
[Black "Kopasov, Evgeny"]
[Result "0-1"]
[WhiteElo "1856"]
[BlackElo "2007"]
[PlyCount "72"]
[EventDate "2012.08.25"]

1. f4 d5 2. Nf3 Nf6 3. d4 Bg4 4. e3 Nbd7 5. h3 Bxf3 6. Qxf3 Ne4 7. Nd2 Ndf6 8.
c4 e6 9. Bd3 Bb4 10. a3 Bxd2+ 11. Bxd2 Nxd2 12. Kxd2 c5 13. cxd5 cxd4 14. dxe6
O-O 15. exf7+ Rxf7 16. Bc4 dxe3+ 17. Ke2 Qd2+ 18. Kf1 Qxb2 19. Re1 Re8 20. Kg1
Qxa3 21. Qxb7 Ree7 22. Qa8+ Re8 23. Qf3 Qc5 24. Bxf7+ Kxf7 25. Kh2 Re7 26. Re2
Qd4 27. Rhe1 Nd5 28. Qh5+ Kg8 29. g3 Nc3 30. Rb2 g6 31. Qg5 Re8 32. h4 e2 33.
h5 Qf2+ 34. Kh3 Qxe1 35. hxg6 Qh1+ 36. Kg4 h5+ 0-1

[Event "M.Botvinnik Memorial 2012"]
[Site "St. Petersburg, Russia"]
[Date "2012.09.02"]
[Round "9.90"]
[White "Molchanov, Alexander"]
[Black "Chernyak, Viktoria"]
[Result "1-0"]
[WhiteElo "1783"]
[BlackElo "1933"]
[PlyCount "60"]
[EventDate "2012.08.25"]

1. e4 c5 2. Nf3 e6 3. d4 cxd4 4. Nxd4 Nf6 5. Nc3 d6 6. Be3 a6 7. Be2 Be7 8. O-O
O-O 9. f4 Qc7 10. g4 e5 11. Nf5 Bxf5 12. exf5 exf4 13. Bxf4 Qb6+ 14. Kh1 h6 15.
Qc1 Nbd7 16. Bxh6 gxh6 17. Qxh6 Ne5 18. g5 Qc6+ 19. Kg1 Nfg4 20. Bxg4 Nxg4 21.
Qh4 Ne5 22. f6 Nf3+ 23. Rxf3 Qxf3 24. Qh6 Qe3+ 25. Kg2 Qd2+ 26. Kh3 Bxf6 27.
Qxf6 Rae8 28. g6 Re3+ 29. Kg4 Qg2+ 30. Kh5 Rh3+ 1-0

[Event "M.Botvinnik Memorial 2012"]
[Site "St. Petersburg, Russia"]
[Date "2012.09.02"]
[Round "9.91"]
[White "Andreeva, Yulia"]
[Black "Petrochenko, Maria"]
[Result "1-0"]
[WhiteElo "1928"]
[BlackElo "1694"]
[PlyCount "51"]
[EventDate "2012.08.25"]

1. d4 d5 2. c4 c6 3. Nc3 Nf6 4. Nf3 e6 5. Bg5 Nbd7 6. e3 Qa5 7. Qb3 Ne4 8. Bf4
Bb4 9. Rc1 O-O 10. Bd3 Ndf6 11. O-O Nxc3 12. bxc3 Be7 13. Bg5 Qc7 14. c5 Nh5
15. Bxe7 Qxe7 16. Ne5 Nf6 17. Qc2 h6 18. Rb1 Qc7 19. c4 Nd7 20. f4 Nxe5 21.
fxe5 Qe7 22. Rf3 f6 23. exf6 Rxf6 24. Rxf6 Qxf6 25. Rf1 Qg5 26. Bh7+ 1-0

[Event "M.Botvinnik Memorial 2012"]
[Site "St. Petersburg, Russia"]
[Date "2012.09.02"]
[Round "9.92"]
[White "Tarakanova, Valeria"]
[Black "Katyshkina, Anastasia"]
[Result "1/2-1/2"]
[WhiteElo "1767"]
[BlackElo "1923"]
[PlyCount "81"]
[EventDate "2012.08.25"]

1. e4 c5 2. Nf3 a6 3. c3 Nc6 4. d4 cxd4 5. cxd4 e6 6. Bd3 Be7 7. O-O Nf6 8. Nc3
d5 9. e5 Nd7 10. Qc2 Nb4 11. Qb1 Nxd3 12. Qxd3 b5 13. Ne1 O-O 14. Qg3 g6 15.
Nd1 f5 16. Nd3 Rf7 17. f3 Nf8 18. Bh6 Qb6 19. Be3 Rg7 20. h4 Qd8 21. Bg5 Bxg5
22. hxg5 Rc7 23. Nc5 Qe7 24. Nf2 Nd7 25. Nfd3 Nxc5 26. Nxc5 Bb7 27. Rac1 Rac8
28. Rc2 a5 29. f4 b4 30. Qd3 Bc6 31. Rfc1 Ra7 32. Kh2 Qe8 33. Qh3 a4 34. Kg1 a3
35. b3 Bb5 36. Qe3 Rac7 37. Qd2 Rb8 38. Kh2 Kf7 39. Qe3 Rb6 40. Qh3 Kg8 41. Qe3
1/2-1/2

[Event "M.Botvinnik Memorial 2012"]
[Site "St. Petersburg, Russia"]
[Date "2012.09.02"]
[Round "9.93"]
[White "Toporkova, Sofia"]
[Black "Nikiforov, Vyacheslav"]
[Result "1/2-1/2"]
[WhiteElo "1729"]
[BlackElo "1880"]
[PlyCount "129"]
[EventDate "2012.08.25"]

1. c4 Nf6 2. Nc3 g6 3. d4 Bg7 4. e4 d6 5. Nf3 O-O 6. Be2 c5 7. h4 Bg4 8. d5
Nbd7 9. Nh2 Bxe2 10. Qxe2 a6 11. g4 h5 12. f4 hxg4 13. Nxg4 Nh5 14. Rh3 e6 15.
Bd2 b5 16. e5 bxc4 17. dxe6 fxe6 18. exd6 Ndf6 19. Qxe6+ Kh7 20. Ne5 Re8 21.
Qf7 Qxd6 22. Qxg6+ Kg8 23. O-O-O Re7 24. Nxc4 Qd4 25. Na3 Nxf4 26. Bxf4 Qxf4+
27. Kb1 Qg4 28. Qxg4 Nxg4 29. Rg3 Nf6 30. Nd5 Nxd5 31. Rxd5 Re1+ 32. Kc2 Ra7
33. Rxc5 Rb7 34. Nc4 Kh7 35. Rh5+ Kg8 36. Re5 Rh1 37. Rg4 Rh2+ 38. Kd3 Rd7+ 39.
Ke4 Rc7 40. Kd3 Rd7+ 41. Ke3 Kh7 42. Rh5+ Bh6+ 43. Ke4 Re2+ 44. Kf3 Re1 45. Ne5
Re3+ 46. Kf2 Rd2+ 47. Kf1 Rd1+ 48. Kg2 Rd2+ 49. Kh1 Rxb2 50. Rg6 Re1+ 51. Rg1
Rxg1+ 52. Kxg1 Kg7 53. a4 Rb4 54. Nd7 Rxa4 55. Kg2 Ra2+ 56. Kf3 a5 57. Nb6 Ra1
58. Rd5 Kg6 59. h5+ Kg7 60. Rd7+ Kf6 61. Kg4 Rg1+ 62. Kf3 Rb1 63. Rd6+ Kg5 64.
Rd5+ Kh4 65. Na4 1/2-1/2

[Event "M.Botvinnik Memorial 2012"]
[Site "St. Petersburg, Russia"]
[Date "2012.09.02"]
[Round "9.96"]
[White "Yakovlev, Yuri S"]
[Black "Aleksandrov, Grigoriy"]
[Result "0-1"]
[WhiteElo "2035"]
[BlackElo "1845"]
[PlyCount "64"]
[EventDate "2012.08.25"]

1. e4 c5 2. Nf3 d6 3. c4 Bg4 4. Be2 Nc6 5. Nc3 Nf6 6. d3 g6 7. Be3 Bg7 8. Qd2
O-O 9. h3 Bxf3 10. Bxf3 e5 11. a3 a6 12. Bd1 Nd4 13. Ne2 b5 14. O-O bxc4 15.
dxc4 Nxe4 16. Qd3 f5 17. Bxd4 cxd4 18. Rb1 Nc5 19. Qd2 d3 20. Nc3 e4 21. b4 Ne6
22. c5 dxc5 23. Bb3 Re8 24. bxc5 Qa5 25. Bxe6+ Rxe6 26. Qa2 Rae8 27. Nd5 Kh8
28. Rb7 Qxc5 29. Rc7 Rc6 30. Rxc6 Qxc6 31. Nf4 Be5 32. Qf7 Bxf4 0-1